| 000 | 00000nam 2200000zi 4500 |
| 001 | 9.943096 |
| 003 | CaOODSP |
| 005 | 20250110085133 |
| 006 | m o d f |
| 007 | cr |n||||||||| |
| 008 | 240910t202410 oncabd ob f000 0 fre d |
| 020 | |a9780660735825 |
| 040 | |aCaOODSP|bfre|erda|cCaOODSP |
| 043 | |an-cnm-- |
| 086 | 1 |aFs70-5/2024-068F-PDF |
| 100 | 1 |aLander, Terralynn, |eauteur. |
| 245 | 10|aApplication régionale, dans les Maritimes, du cadre national d'évaluation de la vulnérabilité des composantes biologiques du milieu marin aux déversements d'hydrocarbures provenant de navires / |cTerralynn Lander, Adrian Hamer, Vicky Merritt, Owen Jones et Cara Harvey. |
| 264 | 1|aOttawa (Ontario) : |bSecrétariat canadien de consultation scientifique (SCCS), |cOctobre 2024. |
| 264 | 4|c©2024 |
| 300 | |a1 ressource en ligne (viii, 270 pages) : |bcarte, illustrations, graphiques. |
| 336 | |atexte|btxt|2rdacontent/fre |
| 337 | |ainformatique|bc|2rdamedia/fre |
| 338 | |aressource en ligne|bcr|2rdacarrier/fre |
| 490 | 1 |aDocument de recherche, |x2292-4272 ; |v2024/068 |
| 500 | |aPublié aussi en anglais sous le titre : Maritimes regional application of the national framework for assessing the vulnerability of biological components to ship-source oil spills in the marine environment. |
| 504 | |aComprend des références bibliographiques. |
| 650 | 6|aDéversements de pétrole|xAspect de l'environnement|zProvinces de l'Atlantique. |
| 650 | 6|aDéversements de pétrole et faune|zProvinces de l'Atlantique. |
| 650 | 6|aFlore marine|xEffets des déversements de pétrole sur|zProvinces de l'Atlantique. |
| 710 | 2 |aSecrétariat canadien de consultation scientifique, |eorganisme de publication. |
| 710 | 1 |aCanada. |bMinistère des pêches et des océans. |bRégion des Maritimes, |eorganisme de publication. |
| 775 | 08|tMaritimes regional application of the national framework for assessing the vulnerability of biological components to ship-source oil spills in the marine environment / |w(CaOODSP)9.943095 |
| 830 | #0|aDocument de recherche (Secrétariat canadien de consultation scientifique)|v2024/068.|w(CaOODSP)9.503788 |
| 856 | 40|qPDF|s3.41 Mo|uhttps://publications.gc.ca/collections/collection_2025/mpo-dfo/fs70-5/Fs70-5-2024-068-fra.pdf |